00319nam a2200121 a 4500008004100000050002100041100002600062245003200088250001300120260003800133300001700171350000900188120416s1972 ||||||||||||||||| || u aHF 5429.6.G7 Tho aThomas, Peter Godfrey10aModern retailing techniques a3rd. ed. aLondonbMacdonald and Evansc1972 a208p. : ill. a0.00